Statistiken für Deutsche Fifa WM Finaltorschützen!

Klicken Sie hier um das Quiz zu spielen!

Allgemein

  • Dieses Quiz wurde 145 mal gespielt
  • Das Durchschnittsergebnis liegt bei 4 aus 10

Antwortstatistiken

WMSpieler% Korrekt
WMGötze
98%
WMMüller
77%
WMBrehme
62%
WMBreitner
35%
WMRummenigge
35%
WMVöller
34%
WMMorlock
21%
WMHaller
6%
WMWeber
4%
WMRahner
0%

Verteilung der Resultate

Perzentil nach korrekt beantworteten Fragen

Anzahl Personen mit jedem Resultat

Ihre Resultats-Entwicklung

Sie haben dieses Quiz noch nicht gespielt